000 00625nam a2200205Ia 4500
003 GCL
008 140319s9999 xx 000 0 ara d
040 _aGCL /
_cGCL
082 0 4 _a801.95
_bس خ
100 1 _aسكوت، ويلبرس
245 1 0 _aخمسة مداخل الى النقد الادبى /
_cسكوت، ويلبرس
700 1 _aعناد عزوان اسماعيل
700 1 _aجعفر صادق الخليلى
300 _a371 ص
490 _aسلسلة الكتب المترجمة
_v0
650 0 4 _aالادب العربى
650 0 4 _aالادب
650 0 4 _aتاريخ ونقد
942 _2ddc
_cBK
999 _c40810
_d40810